000 00809cab a2200253 4500
001 WB3341-28
008 090401t1997 xxu||||| |||| 00| 0 eng d
035 _a(Sirsi) u81615
041 _aeng
245 _aJapanese buy stake in UK pubs
260 _c1997
350 _a0
490 _aFinancial Times
_v21 October 1997, 1(1)
520 _aDaiwa Europe has become the second Japanese investment bank to buy a share of the UK pub market by financing the £16.4m purchase of 147 licensed houses by new company Avebury Inns.
650 _aAVEBURY INNS
650 _aDAIWA EUROPE
650 _aFOREIGN INVESTMENT
650 _aINSTITUTIONAL INVESTMENT
650 _aPUB CHAINS
650 _aPUB MARKET
690 _aPROPERTY-PROPERTY FINANCE AND INVESTMENT
942 _n0
948 _c22/10/1997
999 _c51436
_d51436